Lataa...

Plant growth

Bibliografiset tiedot
Päätekijä: Black, Michael
Muut tekijät: Edelman, Jack
Aineistotyyppi: Printed Book
Kieli:Undetermined
English
Julkaistu: London Heinemann Educational Books 1970
Aiheet:
LEADER 00722nam a2200253Ia 4500
008 140306s9999 xx 000 0 und d
020 |a 0 435612611 
041 |a eng 
082 |a 574.31  |b BLA 
100 |a Black, Michael 
245 |a Plant growth 
260 |a London  |b Heinemann Educational Books  |c 1970 
300 |a 193 
440 |v Scholarship series in ecology 
510
650 |a Dormancy 
650 |a Flowering 
650 |a Phytohormone 
650 |a Plant growth 
650 |a Sence scence 
700 |a Edelman, Jack 
942 |2 ddc  |c BK 
999 |c 52560  |d 52560 
952 |0 0  |1 0  |2 ddc  |4 0  |6 574_310000000000000_BLA  |7 0  |9 68883  |a KAUACV  |b KAUACV  |d 2004-05-06  |o 574.31 BLA  |p KAU_ACV-14107  |r 2014-03-22  |w 2014-03-22  |y BK